The clockwork three / (Record no. 2627)

MARC details
000 -LEADER
fixed length control field 00976cam a2200277 a 4500
005 - DATE AND TIME OF LATEST TRANSACTION
control field 20240105130033.0
020 ## - INTERNATIONAL STANDARD BOOK NUMBER
International Standard Book Number 9780545203371
020 ## - INTERNATIONAL STANDARD BOOK NUMBER
International Standard Book Number 9780545203388
040 ## - CATALOGING SOURCE
Original cataloging agency DLC
Transcribing agency DLC
Modifying agency DLC
Language of cataloging eng
050 00 - LIBRARY OF CONGRESS CALL NUMBER
Classification number PZ7.K633528
Item number Cl 2010
082 00 - DEWEY DECIMAL CLASSIFICATION NUMBER
Classification number 662
Edition number 22
100 1# - MAIN ENTRY--PERSONAL NAME
Personal name Kirby, Matthew J.
Dates associated with a name 1976-
245 14 - TITLE STATEMENT
Title The clockwork three /
Statement of responsibility, etc. Matthew J. Kirby
250 ## - EDITION STATEMENT
Edition statement First Scholastic paperback printing, October 2011
260 ## - PUBLICATION, DISTRIBUTION, ETC.
Place of publication, distribution, etc. New York :
Name of publisher, distributor, etc. Scholastic Press,
Date of publication, distribution, etc. 2010
300 ## - PHYSICAL DESCRIPTION
Extent 391 pages :
Dimensions 22 cm
505 ## - FORMATTED CONTENTS NOTE
Formatted contents note N
520 ## - SUMMARY, ETC.
Summary, etc. As mysterious circumstances bring Giuseppe, Frederick, and Hannah together, their lives soon interlock like the turning gears in a clock and they realize that each one holds a key to solving the others' mysteries.
521 ## - TARGET AUDIENCE NOTE
Target audience note 680
Source Lexile
521 ## - TARGET AUDIENCE NOTE
Target audience note N
Source Raz-Plus
650 #1 - SUBJECT ADDED ENTRY--TOPICAL TERM
Topical term or geographic name entry element Friendship
Form subdivision Fiction.
650 #1 - SUBJECT ADDED ENTRY--TOPICAL TERM
Topical term or geographic name entry element Cooperativeness
Form subdivision Fiction.
906 ## - LOCAL DATA ELEMENT F, LDF (RLIN)
a 7
b cbc
c orignew
d 1
e ecip
f 20
g y-gencatlg
942 ## - ADDED ENTRY ELEMENTS (KOHA)
Source of classification or shelving scheme Dewey Decimal Classification
Koha item type Books
Suppress in OPAC No
999 ## -
-- 2627
-- 2627
Holdings
Withdrawn status Lost status Source of classification or shelving scheme Damaged status Not for loan Collection Home library Current library Shelving location Date acquired Total Checkouts Full call number Barcode Date last seen Price effective from Koha item type
    Dewey Decimal Classification     Juvenile Fiction Footprints International School Library Network Toul Kork Campus Footprints International School Library Network Toul Kork Campus   01/05/2024   KIR 662 PZ7.K633528 FISSE00987 01/05/2024 01/05/2024 Books